000 01009nam2a2200265 4500
001 RU\NLR\ONL1\21932
005 20250613223439.0
035 _a(NLR Aleph) 010207654
090 _a10259902
_c10259902
100 _a20130131d1962 |||y0rusy50 ca
101 0 _apem
102 _aRU
105 _ay |||||||||
200 1 _aСинтаксис
_e6-7 кл. понда учебник
_fМ. П. Караваева, А. М. Спорова
205 _a7-öт изд.
210 _d1962
_aБ. м.
215 _a92 с.
461 0 _1001RU\NLR\ONL1\21931
_12001#$aКоми-пермяцкöй кыв грамматика$vЧ. 2
_910259899
_cКудымкар
_d1962
_nКоми-Пермяц. кн. изд-во
_tКоми-пермяцкöй кыв грамматика
_vЧ. 2
700 1 _aКараваева
_bМ. П.
_gМария Петровна
_4070
701 1 _aСпорова
_bА. М.
_4070
801 0 _aRU
_bNLR
_c20130131
_gPSBO
852 _aNLR
_bОНЛ
_jКоми-п./3-1509
942 _cBOOK
980 _aNB